Państwa z Najmniej Wolnymi Mediami - Statystyki

Ogólne statystyki
  • Ten quiz został rozwiązany 22 razy
  • Średni wynik to 6 z 10
Statystyki odpowiedzi
Lp. Index Kraj % Poprawnych
4 21 Korea Północna
100%
10 23 Chiny
91%
5 21 Iran
82%
3 19 Afganistan
73%
7 22 Wietnam
73%
2 17 Syria
50%
6 22 Turkmenistan
45%
1 17 Erytrea
41%
9 23 Kuba
41%
8 23 Bahrajn
14%
Nie znaleziono quizów pasujących do podanych kryteriów
Rozkład punktacji
Procent ludzi z każdym wynikiem
Percentyl według liczby udzielonych odpowiedzi
Twoja historia wyników
Nie rozwiązałeś tego quizu